Rasāʼil o masāʼil. (Record no. 77327)
[ view plain ]
| 000 -LEADER | |
|---|---|
| fixed length control field | 00838cam a2200229 4500 |
| 001 - CONTROL NUMBER | |
| control field | sa 68000610 |
| 003 - CONTROL NUMBER IDENTIFIER | |
| control field | DLC |
| 005 - DATE AND TIME OF LATEST TRANSACTION | |
| control field | 20260227112425.0 |
| 008 - FIXED-LENGTH DATA ELEMENTS--GENERAL INFORMATION | |
| fixed length control field | 890908m19639999pk 000 0 urdo |
| 010 ## - LIBRARY OF CONGRESS CONTROL NUMBER | |
| LC control number | sa 68000610 |
| 040 ## - CATALOGING SOURCE | |
| Original cataloging agency | DLC |
| Transcribing agency | DLC |
| Modifying agency | DLC |
| 050 00 - LIBRARY OF CONGRESS CALL NUMBER | |
| Classification number | BP163 |
| Item number | .M3819 |
| 100 1# - MAIN ENTRY--PERSONAL NAME | |
| Personal name | Maudoodi, Syed Abul ʻAla, |
| Dates associated with a name | 1903-1979. |
| 245 10 - TITLE STATEMENT | |
| Title | Rasāʼil o masāʼil. |
| Statement of responsibility, etc. | [Muṣannif] Sayyid Abūlaʻlā Maudūdī. |
| 260 ## - PUBLICATION, DISTRIBUTION, ETC. | |
| Place of publication, distribution, etc. | Lāhaur, |
| Name of publisher, distributor, etc. | Islāmik Pablīkeshanz |
| Date of publication, distribution, etc. | [1963- <1986 > |
| 300 ## - PHYSICAL DESCRIPTION | |
| Extent | v. <1-7 > ; |
| Dimensions | 19 cm. |
| 500 ## - GENERAL NOTE | |
| General note | In Urdu. |
| 500 ## - GENERAL NOTE | |
| General note | Vols. 3-4, 6- : ishāʻat 1; v. 5: ishāʻat 2. |
| 500 ## - GENERAL NOTE | |
| General note | Vol. 5- published by Idārah-yi Maʻārif-i Islāmī, Lāhaur. |
| 500 ## - GENERAL NOTE | |
| General note | Vols. 6-7 written by Malik G̲h̲ulām ʻAlī and published by Idārah-yi Maʻārif-i Islāmī, Lāhaur. |
| 650 #0 - SUBJECT ADDED ENTRY--TOPICAL TERM | |
| Topical term or geographic name entry element | Islam |
| General subdivision | Miscellanea. |
No items available.